| 000 | 00000nam##2200000za#4500 |
| 001 | 9.604265 |
| 003 | CaOODSP |
| 005 | 20210624211501 |
| 007 | cr ||||||||||| |
| 008 | 150406|2006||||xxc|||||o f|0| 0 fre|d |
| 040 | |aCaOODSP|bfre |
| 043 | |an-cn--- |
| 086 | 1 |aTU3-5/06-24F-PDF |
| 110 | 2 |aBureau de la sécurité des transports du Canada. |
| 245 | 10|aCollision avec un plan d'eau de l'hélicoptère McDonnell Douglas Hughes 369E C-FHMF, exploité par Helicopter Transport Services (Canada) Inc., à 20 nm à l'est de Davy Lake (Saskatchewan), le 13 août 2006 |h[ressource électronique] |
| 260 | |aGatineau - Québec : |bBureau de la sécurité des transports du Canada |c2007. |
| 300 | |a9p.|bphotographies |
| 490 | 1 |aRapport d'enquête aéronautique |vA06C0131 |
| 500 | |a« Le Bureau a autorisé la publication du rapport le 3 mai 2007 »--p.7. |
| 590 | |a12-33-Supp|b2012-07-18 |
| 775 | 08|tCollision with water - Helicopter Transport Services (Canada) Inc. McDonnell Douglas Hughes 369E (helicopter) C-FHMF, Davy Lake, Saskatchewan, 20 nm E, 13 August 2006 |w(CaOODSP)9.574521 |
| 830 | #0|aRapport d'enquête aéronautique ;|vA06C0131|w(CaOODSP)9.501229 |
| 856 | 40|ahttp://publications.gc.ca|qPDF|s331 Ko|uhttps://publications.gc.ca/collections/collection_2012/bst-tsb/TU3-5-06-24-fra.pdf|yA06C0131 |